000 00599nam a2200193Ia 4500
005 20250508165205.0
008 008 250505s9999 xx 000 0 eng d
037 _aDissertations
040 _aFEDL
_beng
_cFEDL
041 _aeng
_2eng
084 _a371.97, KAP/DI
_qFEDL
100 _aKapoor Kritika
_9780109
245 0 _aIdentity development of students from the economically weaker section in a private elite school
260 _c2012
300 _a112p.
546 _aM.Ed. Dissertation, (Delhi University)
942 _cDIS
_h371.97, KAP/DI
999 _c1393681
_d1393681